000 00430ntaaa2200157 4500
003 01
005 20251027200823.0
008 0714s1973 ag 01
040 _aAR-BaBN
_bspa
_cAR-BaBN
_eaacr
_dRIC
082 _a268.063 C76p
111 _aConferencia latinoamericana de educación cristiana
_94603
245 _aPonencias y concluciones
260 _aBuenos Aires :
_bs.n.,
_c1974
650 _aEducacion Cristiana
_9405
942 _cBK
999 _c2342
_d2342